000 00500nam a2200169Ia 4500
003 GCL
008 140319s9999 xx 000 0 ara d
040 _aGCL /
_cGCL
082 0 4 _aافلام ت
_b25
100 1 _aردينسكى (اخراج)
245 1 0 _aالفن الاسلامى (8 دقائق) /
_cردينسكى (اخراج)
260 _a[S.N] :
_bمصلحة الفنون ،
_c1980
490 _a
650 0 4 _aشرائط فيديو
650 0 4 _aافلام تسجيلية
942 _2ddc
_cBK
999 _c33759
_d33759